Viajes del 'Adventure' y el 'Beagle' : apéndices /

El apasionante viaje del "Beagle", al mando del capitán Robert Fitz Roy, con la compañía de Charles Darwin, produjo, además de aventuras, diversos resultados científicos, descripciones de las costumbres y modos de vida de los habitantes de América del Sur y de las islas del Pacífico. Muchos de esos...

Full description

Bibliographic Details
Main Author: Fitzroy, Robert 1805-1865
Format: Libro
Language:Spanish
Published: [Santiago, Chile] [DIBAM] 2013
Series:Biblioteca Darwiniana
Subjects:
Online Access:

MARC

LEADER 00000cam a2200000 a 4500
001 022304
003 UAHC_CL
005 20170803122112.0
008 161007s2013 cl 000 spa
020 |a 9788400097592 
040 |a UAHC_CL  |c UAHC_CL  |d UAHC_CL 
082 0 4 |a 918.04  |b F548  |2 21 
100 1 |a Fitzroy, Robert  |d 1805-1865 
245 1 0 |a Viajes del 'Adventure' y el 'Beagle' :  |b apéndices /  |c Robert Fitz Roy ; introducción y traducción de Armando García González. 
260 |b [DIBAM]  |a [Santiago, Chile]  |c 2013 
300 |a 254, [148] p. 
490 0 |a Biblioteca Darwiniana 
520 |a El apasionante viaje del "Beagle", al mando del capitán Robert Fitz Roy, con la compañía de Charles Darwin, produjo, además de aventuras, diversos resultados científicos, descripciones de las costumbres y modos de vida de los habitantes de América del Sur y de las islas del Pacífico. Muchos de esos datos no fueron recogidos en los diarios de ambas figuras, sino en un libro de apéndices, imprescindible para comprender la relevancia de esta exploración por el continente suramericano y parte del Pacífico. 
611 0 4 |a Expedición del Beagle  |d (1831-1836) 
650 4 |a EXPEDICIONES CIENTIFICAS  |z AMERICA DEL SUR  |y SIGLO 19 
651 4 |a AMERICA DEL SUR  |x DESCRIPCIONES Y VIAJES  |y SIGLO 19 
653 |a GEOGRAFIA 
900 |a 918.04 FIT 
942 |c BK 
952 |0 0  |1 0  |4 0  |6 918_040000000000000_FIT  |7 0  |8 General  |9 44279  |a BC  |b BC  |c General  |d 2017-08-03  |l 0  |o 918.04 FIT  |p 1431396  |r 2026-01-13 00:00:00  |t 1  |w 2017-08-03  |y BK 
952 |0 0  |1 0  |4 0  |6 918_040000000000000_FIT  |7 0  |8 General  |9 44280  |a BC  |b BC  |c General  |d 2017-08-03  |l 0  |o 918.04 FIT  |p 1431397  |r 2026-01-13 00:00:00  |t 2  |w 2017-08-03  |y BK 
952 |0 0  |1 0  |4 0  |6 918_040000000000000_FIT  |7 0  |8 General  |9 44281  |a BC  |b BC  |c General  |d 2017-08-03  |l 0  |o 918.04 FIT  |p 1440558  |r 2026-01-13 00:00:00  |t 3  |w 2017-08-03  |y BK 
999 |c 22304  |d 22304